00403nam a2200145Ia 4500008004100000020001500041041001200056082001600068100001800084245007300102260003300175300001000208650001500218700002400233221030s9999 xx 000 0 und d a8177000217 aEnglish a105.23bDom aS. Domkundwar 0aCourse In Thermal Engineeringcby S. Domkundwar, C. P. Kothandaraman bDhanpat Rai PubaIndiac2002 a32.12 aMechanical aC. P. Kothandaraman